Statistics for California Geology

Click here to take the quiz!

General Stats

  • This quiz has been taken 38 times
  • The average score is 6 of 17

Answer Stats

HintAnswer% Correct
Major plate boundary pictured aboveSan Andreas Fault
95%
Tectonic Plate west of abovePacific
86%
Tectonic Plate east of aboveNorth American
62%
What carved Yosemite ValleyGlacier
52%
Volcanic Mountains that formed as a result of above’s subductionSierra Nevada
48%
Natural oil seeps in La Brea and Carpinteria with Ice Age fossilsTar Pits
48%
Large lake near Imperial ValleySalton Sea
43%
Type of plate boundary near the aboveDivergent
29%
Remnant of that plate still subducting under the Pacific NorthwestJuan De Fuca
29%
Name a volcano in California that formed as a result of that plate’s subductionMt. Shasta, Mt. Lassen, Medicine Lake
29%
Cone-shaped river deposit at the mouths of canyonsAlluvial Fan
24%
Fault along the Tehachapi MountainsGarlock Fault
19%
Rock Structure in Devil’s Postpile National MonumentColumnar Basalts
14%
Tectonic Plate that once subducted under CaliforniaFarallon Plate
14%
Caldera near Mammoth MountainLong Valley
14%
Area of major fault around Mount Piños where plates are converging like in NepalBig Bend
10%
Underwater gorges found off the coast of California, such as in Monterey BaySubmarine Canyon
10%

Score Distribution

Percentile by Number Answered

Percent of People with Each Score

Your Score History

You have not taken this quiz